000 00534nam a2200229Ia 4500
003 0100
008 130307s9999 xx 000 0 und d
020 _a1559340886
040 _cARRUPELIB
050 _aBJ1012.R567 1992
100 _aRosen, Bernard
245 _aEthical theory
245 _bstrategies and concepts
260 _aMountain View, CA
260 _bMayfield Publishing Co.
260 _c1992
300 _axiv
300 _b306p. 25cm.
650 _aETHICS
650 _btheology, doctrinal
942 0 0 _01
999 _c96148
_d96148